| 000 | 00455nam a22001697a 4500 | ||
|---|---|---|---|
| 003 | OSt | ||
| 005 | 20211108114709.0 | ||
| 008 | 211108b |||||||| |||| 00| 0 eng d | ||
| 020 | _a0-517-10817-2 | ||
| 040 | _cHAWASSA UNIVERSITY | ||
| 050 |
_a636,5084/FEL _b4 |
||
| 082 |
_a636,5084/FEL _b4 |
||
| 100 |
_aFELTWELL RAY _qFELTWELL RAY _916941 |
||
| 245 | _aPRACTICAL POULTRY FEEDING | ||
| 260 |
_bENGLISH LANGUAGE BOOK SOCITY _c1978 |
||
| 942 |
_2ddc _cBOOKS _n0 |
||
| 999 |
_c17130 _d17130 |
||